[Event "Bagneux (FRA) 8e IM"]
[Site "?"]
[Date "2000.07.10"]
[Round "5.5"]
[White "Le Quang, Kim"]
[Black "Gyorkos, Lajos"]
[Result "0-1"]
[WhiteElo "2348"]
[BlackElo "2380"]
[PlyCount "114"]
[EventDate "2000.07.06"]

1. e4 c5 2. Nf3 e6 3. d4 cxd4 4. Nxd4 a6 5. Bd3 Qb6 6. Nb3 Qc7 7. O-O Nf6 8. c4
d6 9. Nc3 Be7 10. f4 Nbd7 11. Be3 b6 12. Nd2 Bb7 13. Rc1 Rc8 14. Qe2 Qb8 15.
Bf2 O-O 16. Rce1 Rfd8 17. Bh4 Qc7 18. Kh1 Nf8 19. Bb1 Re8 20. e5 dxe5 21. fxe5
N6d7 22. Bg3 Bb4 23. Qf2 Nc5 24. Re3 Re7 25. Nde4 Nxe4 26. Nxe4 Bxe4 27. Rxe4
Rd7 28. a3 Bc5 29. Qf3 a5 30. h4 Rd4 31. h5 Rxe4 32. Bxe4 h6 33. Rd1 Rd8 34. a4
f5 35. Rxd8 Qxd8 36. Bc6 Qd4 37. Qf1 Qxb2 38. Qd1 Qc3 39. Kh2 Qxc4 40. Bb5 Qd4
41. Qxd4 Bxd4 42. Be8 Be3 43. Kh1 Nh7 44. Bh4 Bd4 45. Bd8 Ng5 46. Bxg5 hxg5 47.
Bb5 g4 48. Kh2 Bxe5+ 49. Kg1 Bd4+ 50. Kf1 Kf7 51. Ke2 Kf6 52. Bd7 Bc5 53. Bc6
e5 54. Bd7 Kg5 55. Be8 Kh4 56. Kf1 f4 57. Bg6 Kg3 0-1

[Event "Bagneux (FRA) 8e IM"]
[Site "?"]
[Date "2000.07.11"]
[Round "6.1"]
[White "Bartha, Sandor"]
[Black "Gyorkos, Lajos"]
[Result "0-1"]
[WhiteElo "2212"]
[BlackElo "2380"]
[PlyCount "54"]
[EventDate "2000.07.06"]

1. d4 Nf6 2. c4 g6 3. Nc3 Bg7 4. Nf3 O-O 5. e3 c5 6. Be2 cxd4 7. exd4 d5 8. O-O
Nc6 9. Be3 dxc4 10. Bxc4 Ng4 11. h3 Nxe3 12. fxe3 b6 13. a3 e6 14. Rc1 Bb7 15.
Qd3 Rc8 16. Kh1 Rc7 17. Rfd1 Na5 18. Ba2 Bxf3 19. gxf3 Qh4 20. Kg2 Rfc8 21. Qe4
Qg5+ 22. Kh2 Bf8 23. Qd3 Qh4 24. Kg2 Nb7 25. e4 Bh6 26. Rb1 Bf4 27. Ne2 Rc2 0-1

[Event "Bagneux (FRA) 8e IM"]
[Site "?"]
[Date "2000.07.11"]
[Round "6.2"]
[White "Peyrat, Olivier"]
[Black "Le Quang, Kim"]
[Result "1-0"]
[WhiteElo "2367"]
[BlackElo "2348"]
[PlyCount "127"]
[EventDate "2000.07.06"]

1. c4 g6 2. g3 Bg7 3. Bg2 e5 4. Nc3 d6 5. e4 Nc6 6. Nge2 Nge7 7. d3 Be6 8. Nd5
O-O 9. O-O Qd7 10. Be3 f5 11. Qd2 Rf7 12. f3 Raf8 13. Rae1 Kh8 14. b3 Ng8 15.
exf5 Bxf5 16. d4 Bh3 17. dxe5 Nxe5 18. f4 Bxg2 19. Kxg2 Nc6 20. h3 Nge7 21. g4
h5 22. gxh5 Nf5 23. hxg6 Nh4+ 24. Kh2 Ne5 25. Ng1 Nexg6 26. Kh1 Nf5 27. Bf2 c6
28. Nb4 a5 29. Nd3 c5 30. Qe2 Bh6 31. Qh5 Rg8 32. Re4 Qc6 33. Rfe1 Kg7 34. Qf3
Kh7 35. Qh5 Re8 36. Qf3 Nfh4 37. Bxh4 Nxh4 38. Qe2 Rfe7 39. Nf2 Nf5 40. Kg2
Rg7+ 41. Ng4 Bxf4 42. Qd3 Kh8 43. Nf3 Rf8 44. Rxf4 Nh4+ 45. Kg3 Rxf4 46. Nxh4
Rf6 47. Re4 Qd7 48. Qd5 Qf7 49. Qd3 Rf1 50. Nf3 Rh1 51. Qe3 Qh5 52. Nh4 Kh7 53.
Qf3 Rg1+ 54. Kh2 R7xg4 55. Rxg4 Rxg4 56. Qxg4 Qe5+ 57. Kg2 Qb2+ 58. Kg3 Qe5+
59. Qf4 Qe1+ 60. Kg2 Qe2+ 61. Qf2 Qe4+ 62. Nf3 Qg6+ 63. Kh2 Qf5 64. Qh4+ 1-0

[Event "Bagneux (FRA) 8e IM"]
[Site "?"]
[Date "2000.07.11"]
[Round "6.3"]
[White "Vallin, Guillaume"]
[Black "Sinkovics, Peter"]
[Result "1-0"]
[WhiteElo "2399"]
[BlackElo "2336"]
[PlyCount "111"]
[EventDate "2000.07.06"]

1. d4 Nf6 2. c4 g6 3. Nc3 Bg7 4. e4 d6 5. f4 c5 6. d5 O-O 7. Nf3 e6 8. dxe6
fxe6 9. Bd3 Nc6 10. O-O Nd4 11. Ng5 e5 12. f5 gxf5 13. exf5 Bd7 14. Be3 h6 15.
Nh3 Bc6 16. Nf2 Qe7 17. Ng4 e4 18. Nxf6+ Rxf6 19. Bxd4 cxd4 20. Nxe4 Bxe4 21.
Re1 Rxf5 22. Rxe4 Re5 23. Qg4 Re8 24. Rae1 Qg5 25. Rxe5 Bxe5 26. Qxg5+ hxg5 27.
g3 Kg7 28. Kg2 Re7 29. b3 Bf6 30. Rxe7+ Bxe7 31. Kf3 Bf6 32. Ke4 Kf7 33. Kd5
Ke7 34. b4 Kd7 35. a4 b6 36. Bf5+ Ke8 37. Kc6 d3 38. Bxd3 Bc3 39. b5 Bb4 40. h4
gxh4 41. gxh4 Ke7 42. h5 Bd2 43. Kb7 Kd8 44. Kxa7 Kc7 45. Be4 Be3 46. Ka6 Bd2
47. Bd5 Be3 48. a5 bxa5 49. Kxa5 Bb6+ 50. Kb4 Be3 51. Kc3 Kd8 52. Kd3 Bh6 53.
Ke4 Ke8 54. Kf5 Ke7 55. Kg6 Be3 56. h6 1-0

[Event "Bagneux (FRA) 8e IM"]
[Site "?"]
[Date "2000.07.11"]
[Round "6.4"]
[White "Boudre, Jean-Pierre"]
[Black "Gollain, Marc"]
[Result "1-0"]
[WhiteElo "2360"]
[BlackElo "2240"]
[PlyCount "137"]
[EventDate "2000.07.06"]

1. e4 c5 2. Nf3 e6 3. d4 cxd4 4. Nxd4 a6 5. Nc3 Qc7 6. Be2 Nf6 7. O-O Bc5 8.
Bg5 Nc6 9. Nxc6 bxc6 10. Kh1 Rb8 11. f4 h6 12. Bxf6 gxf6 13. Bh5 Rg8 14. Bxf7+
Kxf7 15. Qh5+ Kg7 16. Qxc5 d6 17. Qa3 c5 18. f5 Kh8 19. fxe6 Qg7 20. Rf2 Rb4
21. Re1 Qg4 22. b3 Qh4 23. Qc1 Bxe6 24. Ref1 Rg6 25. Qe3 Rd4 26. g3 Qg5 27.
Qxg5 fxg5 28. Rf8+ Kh7 29. R1f2 c4 30. b4 Bh3 31. Re8 Rg7 32. Kg1 Rb7 33. a3 a5
34. b5 Rxb5 35. Rf7+ Kg6 36. Nxb5 Rd1+ 37. Kf2 Rf1+ 38. Ke3 Kxf7 39. Nxd6+ Kg6
40. Nxc4 Rc1 41. Rd8 Rxc2 42. Rd6+ Kg7 43. Nd2 Ra2 44. Rd3 Bc8 45. Rc3 Be6 46.
h4 gxh4 47. gxh4 a4 48. Rd3 Kg6 49. Kf4 Kf6 50. e5+ Kg6 51. h5+ Kf7 52. Nf3 Bb3
53. Nd4 Rh2 54. Nxb3 axb3 55. Rxb3 Rxh5 56. Ke4 Rh4+ 57. Kd5 Ra4 58. Rf3+ Ke7
59. Rh3 Ra5+ 60. Ke4 Ra4+ 61. Kf5 Ra5 62. Rxh6 Rxa3 63. Rh7+ Ke8 64. Kf6 Ra1
65. Rh8+ Kd7 66. e6+ Kd6 67. Rd8+ Kc7 68. e7 Rf1+ 69. Kg5 1-0

[Event "Bagneux (FRA) 8e IM"]
[Site "?"]
[Date "2000.07.11"]
[Round "6.5"]
[White "Grimberg, Gilbert"]
[Black "Leroy, Didier"]
[Result "0-1"]
[WhiteElo "2319"]
[BlackElo "2378"]
[PlyCount "56"]
[EventDate "2000.07.06"]

1. e4 c5 2. Nf3 Nc6 3. Bb5 e6 4. O-O Nge7 5. b3 a6 6. Bxc6 Nxc6 7. Bb2 Qc7 8.
Re1 b6 9. c4 Bb7 10. d4 cxd4 11. Nxd4 O-O-O 12. Nxc6 Bxc6 13. Nc3 Kb8 14. Rc1
Bb7 15. Na4 Bd6 16. Qh5 g6 17. Qh3 Bf4 18. Bxh8 Rxh8 19. Rcd1 f5 20. Nc3 Be5
21. Rd3 h5 22. Qh4 Rg8 23. h3 Ka7 24. Qg5 Rg7 25. a4 Qc5 26. Ree3 fxe4 27. Rd5
exd5 28. Qxe5 Re7 0-1

[Event "Bagneux (FRA) 8e IM"]
[Site "?"]
[Date "2000.07.12"]
[Round "7.1"]
[White "Leroy, Didier"]
[Black "Bartha, Sandor"]
[Result "1-0"]
[WhiteElo "2378"]
[BlackElo "2212"]
[PlyCount "57"]
[EventDate "2000.07.06"]

1. e4 e6 2. d4 b6 3. Nf3 Bb7 4. Bd3 c5 5. O-O cxd4 6. Nxd4 Nc6 7. Nxc6 Bxc6 8.
Nc3 g6 9. f4 Bg7 10. f5 Qc7 11. Qe1 O-O-O 12. a4 gxf5 13. exf5 Bxc3 14. Qxc3
Ne7 15. Ba6+ Kb8 16. Bf4 d6 17. Bb5 Rhg8 18. Bg3 Bb7 19. Qxc7+ Kxc7 20. fxe6 f5
21. Ra3 h5 22. Rf2 Rg4 23. Rc3+ Kb8 24. Bd7 Ka8 25. Bxd6 Nd5 26. Rd3 Rdg8 27.
g3 h4 28. Rxf5 hxg3 29. hxg3 1-0

[Event "Bagneux (FRA) 8e IM"]
[Site "?"]
[Date "2000.07.12"]
[Round "7.2"]
[White "Gollain, Marc"]
[Black "Grimberg, Gilbert"]
[Result "1/2-1/2"]
[WhiteElo "2240"]
[BlackElo "2319"]
[PlyCount "87"]
[EventDate "2000.07.06"]

1. e4 d6 2. d4 g6 3. Nc3 c6 4. Be3 Nf6 5. h3 b5 6. e5 dxe5 7. dxe5 Qxd1+ 8.
Rxd1 Nfd7 9. Bd4 Nb6 10. e6 f6 11. Nxb5 cxb5 12. Bxb5+ N6d7 13. Ne2 Bh6 14. O-O
a6 15. Ba4 O-O 16. exd7 Bxd7 17. Bb3+ Kh8 18. Bc5 Re8 19. Nc3 e6 20. Rfe1 Kg7
21. Rd3 Bf4 22. Bd6 Bxd6 23. Rxd6 Kf7 24. Ne4 Ke7 25. Red1 Rc8 26. Rb6 a5 27.
a4 Rc7 28. Rdd6 f5 29. Ng5 Nc6 30. Rd1 h6 31. Nxe6 Bxe6 32. Re1 Nd4 33. Bxe6
Nxc2 34. Rc1 Raa7 35. Bd5 Nb4 36. Re1+ Kf8 37. Bb3 Rc6 38. Rb8+ Kg7 39. Ree8
Nd3 40. g3 Rc1+ 41. Kg2 Ne1+ 42. Kf1 Nf3+ 43. Kg2 Ne1+ 44. Kf1 1/2-1/2

[Event "Bagneux (FRA) 8e IM"]
[Site "?"]
[Date "2000.07.12"]
[Round "7.3"]
[White "Sinkovics, Peter"]
[Black "Boudre, Jean-Pierre"]
[Result "0-1"]
[WhiteElo "2336"]
[BlackElo "2360"]
[PlyCount "86"]
[EventDate "2000.07.06"]

1. d4 d5 2. c4 c6 3. Nf3 Nf6 4. Nc3 e6 5. e3 Nbd7 6. Qc2 Bd6 7. Bd3 O-O 8. b3
Qe7 9. Bb2 e5 10. cxd5 cxd5 11. dxe5 Nxe5 12. Nxe5 Bxe5 13. Nb5 Bxb2 14. Qxb2
Bd7 15. Nd4 Qe5 16. h3 Qg5 17. Nf3 Qxg2 18. Rg1 Qxf3 19. Rg3 Qxg3 20. fxg3 Bxh3
21. O-O-O Rac8+ 22. Kb1 Rfe8 23. Qd4 b6 24. Rc1 Rxc1+ 25. Kxc1 Re6 26. Qh4 Bg2
27. Qf4 g6 28. Qb8+ Kg7 29. Qxa7 Rxe3 30. Kd2 Rxg3 31. Qxb6 h5 32. Qd4 Be4 33.
Bf1 h4 34. Qe5 Rf3 35. Ke1 h3 36. b4 Re3+ 37. Kd2 Ra3 38. Kc1 Rc3+ 39. Kd1 Bf3+
40. Kd2 h2 41. Bg2 Bxg2 42. Qxh2 Ne4+ 43. Ke2 Bf3+ 0-1

[Event "Bagneux (FRA) 8e IM"]
[Site "?"]
[Date "2000.07.12"]
[Round "7.4"]
[White "Le Quang, Kim"]
[Black "Vallin, Guillaume"]
[Result "1/2-1/2"]
[WhiteElo "2348"]
[BlackElo "2399"]
[PlyCount "30"]
[EventDate "2000.07.06"]

1. e4 e6 2. d4 d5 3. e5 c5 4. c3 Nc6 5. Nf3 Qb6 6. a3 c4 7. g3 Bd7 8. Nbd2 Na5
9. Nh4 Nb3 10. Nxb3 Ba4 11. Ng2 Bxb3 12. Qe2 h5 13. Bg5 Be7 14. Bxe7 Nxe7 15.
h4 O-O-O 1/2-1/2

[Event "Bagneux (FRA) 8e IM"]
[Site "?"]
[Date "2000.07.13"]
[Round "8.1"]
[White "Bartha, Sandor"]
[Black "Peyrat, Olivier"]
[Result "1/2-1/2"]
[WhiteElo "2212"]
[BlackElo "2367"]
[PlyCount "23"]
[EventDate "2000.07.06"]

1. d4 d6 2. g3 c6 3. Bg2 Nf6 4. b3 e5 5. dxe5 dxe5 6. Qxd8+ Kxd8 7. Bb2 Bb4+ 8.
c3 Bc5 9. e3 Bf5 10. Nd2 Re8 11. c4 Nbd7 12. h3 1/2-1/2

[Event "Bagneux (FRA) 8e IM"]
[Site "?"]
[Date "2000.07.13"]
[Round "8.3"]
[White "Boudre, Jean-Pierre"]
[Black "Le Quang, Kim"]
[Result "0-1"]
[WhiteElo "2360"]
[BlackElo "2348"]
[PlyCount "152"]
[EventDate "2000.07.06"]

1. e4 c5 2. Nf3 d6 3. d4 cxd4 4. Nxd4 Nf6 5. Nc3 g6 6. Be3 Bg7 7. f3 Nc6 8. Qd2
O-O 9. O-O-O d5 10. Qe1 e5 11. Nxc6 bxc6 12. exd5 Nxd5 13. Bc5 Bh6+ 14. Kb1
Nxc3+ 15. bxc3 Rb8+ 16. Ka1 Qa5 17. Bb4 Qb6 18. Bc4 c5 19. Ba3 Qa5 20. Bb2 Bf5
21. Qe2 Bg7 22. Bb3 Rfe8 23. Rhe1 g5 24. Rd5 Re6 25. Qc4 Rc6 26. Rdxe5 Bxe5 27.
Rxe5 Be6 28. Rxg5+ Kf8 29. Qf4 Rd8 30. a4 Qc7 31. Qxc7 Rxc7 32. c4 Rd1+ 33. Ka2
Ke7 34. Ba3 Kd6 35. f4 Rf1 36. Bb2 Kc6 37. Rh5 f5 38. Rh6 Re7 39. Bf6 Rf7 40.
Be5 Kd7 41. a5 Ke7 42. a6 Re1 43. Kb2 Re4 44. Kc3 Re3+ 45. Kd2 Re4 46. Kd3 Re1
47. Ba4 Rd1+ 48. Kc3 Rd8 49. Bc6 Rg8 50. Rh3 Rd8 51. Bb7 Ke8 52. Rd3 Rxd3+ 53.
cxd3 Kd8 54. Bc6 Bc8 55. Bb5 Bd7 56. Bd6 Rf6 57. Bxc5 Bc8 58. Kd4 Bxa6 59. Ke5
Rh6 60. Bf8 Rg6 61. Bxa6 Rxa6 62. Kxf5 Ra2 63. g4 a5 64. h4 a4 65. h5 a3 66. g5
Ke8 67. Bg7 Kf7 68. Bd4 Rg2 69. c5 a2 70. Ke5 Rd2 71. Ke4 Re2+ 72. Kd5 Rf2 73.
c6 Rxf4 74. Ba1 Ke8 75. h6 Rf5+ 76. Kd6 Rxg5 0-1

[Event "Bagneux (FRA) 8e IM"]
[Site "?"]
[Date "2000.07.13"]
[Round "8.4"]
[White "Grimberg, Gilbert"]
[Black "Sinkovics, Peter"]
[Result "1-0"]
[WhiteElo "2319"]
[BlackElo "2336"]
[PlyCount "81"]
[EventDate "2000.07.06"]

1. d4 Nf6 2. Nf3 g6 3. g3 Bg7 4. Bg2 O-O 5. O-O d6 6. b3 e5 7. dxe5 Ng4 8. Na3
Nxe5 9. Nxe5 Bxe5 10. Bh6 Re8 11. Nc4 Bh8 12. Rc1 Nc6 13. Qd2 Be6 14. Ne3 Rb8
15. Nd5 Nd4 16. Rfe1 Nf5 17. Bg5 f6 18. Bf4 g5 19. e4 Nh6 20. Be3 c6 21. Nb4
Ng4 22. Bxa7 Ra8 23. h3 Rxa7 24. hxg4 Bxg4 25. c3 Bg7 26. Re3 Bf8 27. Rce1 Qb6
28. Bf3 Be6 29. Bh5 Rd8 30. Qd1 Raa8 31. Bg4 Bf7 32. Qf3 Kg7 33. Kg2 Ra5 34.
Rh1 Re5 35. Nd3 Re7 36. Bf5 Bg6 37. Qg4 Kg8 38. Qh3 Rg7 39. Bxg6 hxg6 40. Qe6+
Rf7 41. Rh8+ 1-0

[Event "Bagneux (FRA) 8e IM"]
[Site "?"]
[Date "2000.07.13"]
[Round "8.5"]
[White "Leroy, Didier"]
[Black "Gollain, Marc"]
[Result "1-0"]
[WhiteElo "2378"]
[BlackElo "2240"]
[PlyCount "43"]
[EventDate "2000.07.06"]

1. Nf3 g6 2. e4 c5 3. d4 cxd4 4. Qxd4 Nf6 5. Nc3 Nc6 6. Qa4 Bg7 7. e5 Ng8 8.
Bf4 Nh6 9. Bb5 Ng4 10. Bxc6 dxc6 11. h3 Qb6 12. O-O Nxf2 13. Rxf2 Qxb2 14. Qb3
Qxb3 15. cxb3 O-O 16. Rd1 a5 17. Na4 Ra6 18. Rfd2 b5 19. Nc5 Ra8 20. Rd8 Bf5
21. Rxa8 Rxa8 22. g4 1-0

[Event "Bagneux (FRA) 8e IM"]
[Site "?"]
[Date "2000.07.14"]
[Round "9.3"]
[White "Le Quang, Kim"]
[Black "Grimberg, Gilbert"]
[Result "1/2-1/2"]
[WhiteElo "2348"]
[BlackElo "2319"]
[PlyCount "80"]
[EventDate "2000.07.06"]

1. e4 d6 2. d4 g6 3. Nc3 c6 4. h3 Bg7 5. Be3 Nd7 6. a4 Ngf6 7. Bd3 e5 8. Nf3
O-O 9. O-O Qc7 10. Re1 Re8 11. Qd2 exd4 12. Nxd4 Nc5 13. Bh6 Bd7 14. Bxg7 Kxg7
15. Re3 Re7 16. Rae1 Rae8 17. b4 Nxd3 18. cxd3 Qb6 19. Nc2 a5 20. b5 cxb5 21.
axb5 a4 22. Rf3 Be6 23. Ne3 Qd4 24. Ne2 Qe5 25. Ng3 a3 26. d4 Qxb5 27. Nef5+
Bxf5 28. Nxf5+ gxf5 29. Qg5+ Kf8 30. Qh6+ Kg8 31. Qg5+ Kf8 32. Qh6+ Kg8 33.
Rg3+ Ng4 34. Qg5+ Kf8 35. hxg4 Rxe4 36. Rxe4 Qb1+ 37. Kh2 Qxe4 38. Qh6+ Ke7 39.
Re3 a2 40. Rxe4+ fxe4 1/2-1/2

[Event "Bagneux (FRA) 8e IM"]
[Site "?"]
[Date "2000.07.14"]
[Round "9.5"]
[White "Peyrat, Olivier"]
[Black "Vallin, Guillaume"]
[Result "1/2-1/2"]
[WhiteElo "2367"]
[BlackElo "2399"]
[PlyCount "31"]
[EventDate "2000.07.06"]

1. c4 c6 2. d4 d5 3. Nf3 Nf6 4. Nc3 e6 5. e3 Nbd7 6. Bd3 dxc4 7. Bxc4 b5 8. Bd3
a6 9. e4 c5 10. d5 c4 11. dxe6 cxd3 12. exd7+ Qxd7 13. O-O Bb7 14. Ne5 Qd4 15.
Nf3 Qd7 16. Ne5 1/2-1/2